[Event "Davos Summer op"]
[Site "Davos"]
[Date "2020.07.12"]
[Round "5"]
[White "Deuer, Marius"]
[Black "Albrecht, Benjamin"]
[Result "1-0"]
[WhiteElo "2122"]
[BlackElo "1948"]
[PlyCount "45"]
[EventDate "2020.07.09"]
[EventType "swiss"]
[EventRounds "5"]
[EventCountry "SUI"]
[SourceTitle "CBM 197 Extra"]
[Source "ChessBase"]
[SourceDate "2020.09.30"]
[SourceVersion "1"]
[SourceVersionDate "2020.09.30"]
[SourceQuality "1"]

1. d4 d5 2. c4 e6 3. Nc3 Nf6 4. Bf4 Bd6 5. Bxd6 cxd6 6. e3 0-0 7. Nf3 dxc4 8. Bxc4 Nbd7 9. 0-0 b6 10. Qe2 Bb7 11. Bd3 e5 12. Ba6 Bxa6 13. Qxa6 e4 14. Nd2 d5 15. Qb5 a6 16. Qb3 Nb8 17. f3 Nc6 18. fxe4 dxe4 19. Ncxe4 Nd5 20. Rae1 Rc8 21. Nc3 Nxe3 22. Rxe3 Qxd4 23. Nce4 1-0